00460nam a2200181 a 4500001001300000003000900013005001700022008004100039020000900080082001800089100001600107245003100123260004300154300000800197500003500205650002200240700001600262nice12345678IN_TiNIC20260116014313.0080222s2006 dela grp 000 0 eng  ac2500a340.115bMAT1 aMathew, P D aPublic Interest Litigation aDelhi bIndian Social Institute c2006 a53p aincludes index and biblioraphy aLaw-Social Sience1 aMathew, P D